Serbian License of Cities and Towns - Statistics

General Stats
  • This quiz has been taken 105 times
  • The average score is 39 of 78
Answer Stats
Hint Answer % Correct
NI Niš
100%
KG Kragujevac
99%
NS Novi Sad
99%
BG Belgrade
95%
SU Subotica
88%
NP Novi Pazar
87%
ČA Čačak
83%
ZR Zrenjanin
83%
LE Leskovac
82%
JA Jagodina
81%
Kruševac
81%
UE Užice
79%
VA Valjevo
77%
PZ Prizren
75%
ŠA Šabac
75%
PR Priština
74%
KM Kosovska Mitrovica
73%
PA Pančevo
73%
VR Vranje
73%
ZA Zaječar
73%
PO Požarevac
71%
SO Sombor
71%
KI Kikinda
68%
KV Kraljevo
68%
SD Smederevo
68%
ĆU Ćuprija
66%
Vršac
66%
SM Sremska Mitrovica
64%
LO Loznica
62%
BO Bor
57%
AL Aleksinac
56%
IN Inđija
53%
BP Bačka Palanka
52%
RU Ruma
52%
Bečej
51%
GM Gornji Milanovac
51%
PI Pirot
49%
NG Negotin
48%
Požega
48%
UR Uroševac
47%
PN Paraćin
45%
BT Bačka Topola
44%
PK Prokuplje
44%
ŠI Šid
42%
PP Prijepolje
40%
GL Gnjilane
39%
UB Ub
39%
AC Aleksandrovac
38%
PB Priboj
36%
SP Smederevska Palanka
36%
VP Velika Plana
36%
ST Stara Pazova
35%
LB Lebane
34%
VS Vrbas
34%
NV Nova Varoš
32%
SJ Sjenica
31%
TT Tutin
31%
ĐA Đakovica
30%
IC Ivanjica
30%
AR Aranđelovac
29%
Knjaževac
27%
RA Raška
26%
SC Surdulica
26%
VB Vrnjačka Banja
26%
KL Kladovo
25%
TS Trstenik
25%
KA Kanjiža
23%
SV Svilajnac
23%
TO Topola
23%
DE Despotovac
22%
VL Vlasotince
22%
LU Lučani
21%
SA Senta
19%
KO Kovin
18%
Bogatić
17%
KC Koceljeva
14%
PT Petrovac na Mlavi
9%
BU Bujnovac
0%
No matching quizzes found
Score Distribution
Percent of People with Each Score
Percentile by Number Answered
Your Score History
You have not taken this quiz